|
|
|
|
| LEADER |
00000nam a22000007a 4500 |
| 005 |
2018022002522.0 |
| 007 |
cr|||| |||| |
| 008 |
180220s2016 es |||||s|||| 00||0 spa d |
| 020 |
|
|
|a 978-84-16608-22-5
|
| 035 |
|
|
|a 20978
|
| 040 |
|
|
|a vLex
|
| 090 |
|
|
|c 7393
|d 7393
|
| 100 |
1 |
|
|a Molina Navarrete, Cristb̤al
|
| 245 |
1 |
0 |
|a Nueva indemnizacin̤ por daǫ profesional
|h [Recurso electrn̤ico] :
|b mejoras y lm̕ites del "nuevo baremo" /
|c Cristb̤al Molina Navarrete
|
| 256 |
|
|
|a Servicio en ln̕ea
|
| 260 |
|
|
|a Albacete:
|b Editorial Bomarzo,
|c 2016
|
| 300 |
|
|
|a 1 recurso electrn̤ico
|
| 500 |
|
|
|a Entr ̤en vigor la Ley 35/2015, de reforma del sitema para la valoracin̤ de los daǫs en accidentes de circulacin̤, que mejora la justicia resarcitoria, corrigiendo el principio de repacin̤ fraccional anterior, evitando las confusiones y precedentes. Pese a ser civil, tendr ̀un gran impacto socio-laboral (STSJ Andaluca̕/Granada, 30 d e septiembre de 2015), al incrementar al indemnizacin̤ de los daǫs profesionales, provocando cambios en la jurisprudencia social. De ah,̕ la necesidad para el jurista del trabajo de conocer sus importantes novedades.
|
| 506 |
1 |
|
|a Disponible solo en los productos indicados
|d vLex Global
|d vLex Global (Academic Edition, excluding Law Schools)
|d vLex Global (U.S. Academic Edition, Law Schools)
|d vLex Global (U.S. Academic Edition, excluding Law Schools)
|d vLex Global (Academic Edition, Law Schools)
|
| 650 |
0 |
4 |
|a Derecho Civil
|z Espaą
|
| 650 |
0 |
4 |
|a Derecho Laboral y Seguridad Social
|z Espaą
|
| 740 |
0 |
|
|a vLex Libros (Servicio en ln̕ea)
|
| 856 |
4 |
0 |
|u http://vlex.com/source/nueva-indemnizacion-por-da-o-profesional-mejoras-y-limites-del-nuevo-baremo--20978
|z Acceso restringido
|
| 942 |
|
|
|c BOOK
|
| 999 |
0 |
|
|a Civil Law
|
| 999 |
0 |
|
|a Labor Law and Social Security
|